Регионална библиотека "Любен Каравелов" - Русе

Какво, кога, къде и как (Запис номер 85522)

MARC детайли
000 -Лидер
Контролно поле с фиксирана дължина 01532nam a2200349 c 4500
003 - Код на организацията, давaща контролен номер
Контролно поле BLK
005 - Дата и час на последна редакция
Контролно поле 20180420224910.0
008 - Елементи от данни с фиксирана дължина
fixed length control field 180408b bul|||||r ||||||| ||bul||
010 ## - Наследен системен номер
LC control number KNG00090122000
020 ## - Международен стандартен номер на книга ISBN
Международен стандартен номер на книга ISBN 978-954-9935-31-8
-- издат.: Рийдърс Дайджест
040 ## - Източник на каталожния запис
Идентификатор на билиотеката - собственик на записа BLK
041 ## - Код за език
Код за езика на текст/звукозапис или на отделно заглавие Български
Код за езика КДБФ Български
072 #7 - Код за тематичната категория
Код организация bullib
Код за тематична категория Н92
Текст История Н
080 ## - УДК
Текстов определител УДК Обща световна история. История на света
УДК код - определител по УДК 930.9
УДК определител
УДК - код + определител 930.9
100 1# - Редна дума - Автор
Автор Бригс, Ейза
Авторска отговорност първи автор
R(LIN) 301872
139 ## - Редно поле
Редна дума Какво, кога, къде и как
Авторски знак Как - К 15
245 10 - Сведения за заглавието
Заглавие Какво, кога, къде и как
Подзаглавни данни Най-значимите ист. събития, променили света
Редно поле (дума) Ейза Бригс; прев. от англ. Корнелия Чоролеева.
257 ## - Страна на издаване
Страна на създаване/издаване Съединени американски щати
260 ## - Област на издателските данни
-- София
Име на издателя, разпространителя и проч. Рийдърс Дайджест
Година на издаване 2009
Печатница Отпеч. в Португалия
300 ## - Физическа характеристика
Страници 448 с.
Илюстрации и др. с цв. ил., табл., к.
Размери/Мащаб 29 см
380 ## - Жанр
Жанр История
500 ## - Общи забележки
Забележка Ориг. загл. When, Where, Why, and How It Happened. - Съдържа и Бележити дати ; Индекс.
650 #4 - Допълнително описание по предмет – тема
Основно описание – тема или топоним История, световна
9 (RLIN) 261939
653 ## - Ключова дума – ненормативна
Ключова дума световна история
659 ## - Тематичен бюлетин
Тематичен бюлетин Н
700 1# - Други автори (авторска отговорност)
Лично име Чоролеева, Корнелия
Автороска отговорност (Описва отношението между автора и произведението) прев. от англ.
9 (RLIN) 298626
852 ## - Местоположение
Форматна сигнатура Цб ІІ 15712
856 4# - Електронен адрес и достъп
Електронен формат pdf - файл
Път до файла /url/
856 4# - Електронен адрес и достъп
Електронен формат pdf - файл
Път до файла /url/
942 ## - АРТИКУЛИ
Вид на библиотечния материал Книги
Скрит в OPAC Не
944 ## - СЪЗДАВАНЕ И РЕДАКЦИЯ на ЗАПИСА
Създаване/Редакция Създаване
Дата на регистрацията/редакция 22.06.2009
Статус, дата на статуса ф /
Служител, извършил регистрацията/редакцията Валя_Йорданова
944 ## - СЪЗДАВАНЕ И РЕДАКЦИЯ на ЗАПИСА
Създаване/Редакция Редакция
Дата на регистрацията/редакция 03.05.2010
Статус, дата на статуса ф /
Служител, извършил регистрацията/редакцията
999 ## - СИСТЕМНИ КОНТРОЛНИ НОМЕРА
Koha biblionumber 85522
Koha biblioitemnumber 85522
Наличности
Код за отписване Код за изгубен артикул Код за повреда Коз за рестрикции Код за отдаване Артикулен № Име на библиотеката - собственик Име на библиотеката, в която се намира в момента Статус (Текущо местоположение) Дата на вписване в системата Местоположение - отдел Цена в лева Инвентарен номер Систематично азбучна сигнатура Баркод Номер на екземпляра Цена в евро Служебна бележка Служебен тип на артикула
  Не е изгубен Не е повреден без рестрикции ползва се в читалня 138714 Регионална библиотека "Любен Каравелов" Русе Регионална библиотека "Любен Каравелов" Русе Читалня 2009-06-23 Читалня 69.00 120000736405 Ч 930/К 15 120000736405 1 35.28 Дост: Pk Вид: Ф N: 45 Дата: 23.06.2009 Дата инв: 30.03.2017 Бележки инв: Ч2017 Книги
  Не е изгубен Не е повреден без рестрикции ползва се в читалня 138715 Регионална библиотека "Любен Каравелов" Русе Регионална библиотека "Любен Каравелов" Русе Хранилище 2010-05-04 Хранилище 69.00 120000744021 Цб ІІ 15712 120000744021 2 35.28 Дост: Dp Вид: Д N: 42 Дата: 07.10.2009 Книги
Vip Innovations Ltd, Rousse, Bulgaria 2025